• 首页
  • 本馆介绍
  • 公告通知
  • 最新文献
  • 馆藏检索
  • 电子资源
  • 读者导购
  • 参考咨询
  • 我的图书馆
  • 登录
  • 详细信息显示
  • 放入我的书架
  • 预约/预借图书
  • 作者相关作品
  • 分类相关作品
  • 丛书相关作品
  • 出版社相关作品

书目信息

  • 表格格式
  • 工作单格式
  • 卡片格式
题名:
西方文化的终结
    
 
作者: 费夫尔 著 ;丁万江 , 曾艳 译
分册:  
出版信息: 南京   江苏人民出版社  2004
页数: 365页
开本: 21cm
丛书名: 现代思想译丛
单 册:
中图分类: B561.6
科图分类:
主题词: 西方文化--研究 , 西方文化 , 哲学--欧洲
电子资源:
ISBN: 7-214-03674-6
000 01028oam2 2200313 450
001 1131009607
005 20111004083753.29
010    @a7-214-03674-6@dCNY25.00
100    @a20041130d2004 em y0chiy50 ea
101 1  @achi@ceng
102    @aCN@b320000
105    @ay z 000yy
200 1  @a西方文化的终结@9xi fang wen hua de zhong jie@f(英)R.W.费夫尔(R.W.Fevre)著@g丁万江,曾艳译
210    @a南京@c江苏人民出版社@d2004
215    @a365页@d21cm
225 2  @a现代思想译丛
308    @a丛书第三辑
330    @a本书介绍了西方文化中工作、艺术、性、宗教、政治合法性、生态学、民族主义和广告等方面的“常识”。
461  0 @12001 @a现代思想译丛
510 1  @aThe Demoralization of Western Culture@zeng
606 0  @a西方文化@x研究
606 0  @a西方文化
606 0  @a哲学@x欧洲
690    @aB561.6@v4
701  0 @c(英)@a费夫尔@9fei fu er@c(Fevre, R. W.)@4著
702  0 @a丁万江@9ding wan jiang@c(英语)@4译
702  0 @a曾艳@9zeng yan@c(女)@4译
801  0 @aCN@b91MARC@c20101222
905    @a10447@dB561.6@eJY105
    
    西方文化的终结/(英)R.W.费夫尔(R.W.Fevre)著/丁万江,曾艳译.-南京:江苏人民出版社,2004
    365页;21cm.-(现代思想译丛)
    
    
    ISBN 7-214-03674-6:CNY25.00
    本书介绍了西方文化中工作、艺术、性、宗教、政治合法性、生态学、民族主义和广告等方面的“常识”。
●
相关链接 在E读中查询图书 在五车中查询图书 在当当中查询图书 在豆瓣中查询图书


正题名:西方文化的终结     索取号:B561.6/JY105         预约/预借

序号 登录号 条形码 馆藏地/架位号 状态 备注
1 7824993   278249931   学院路分馆/ [索取号:B561.6/JY105] 在馆    
2 7824994   278249940   学院路分馆/ [索取号:B561.6/JY105] 在馆    
唐山师范学院图书馆 欢迎您!
大连网信软件有限公司© 版权所有